000 00290nam a22001337a 4500
020 _a978-9-351-03775-0
082 _a920
_bVEN/S
100 _aVENEZIA, MIKE
245 _aSTEPHEN HAWKING
260 _aNEW YORK
_bSCHOLASTIC
_c2015
300 _a32
650 _aBIOGRAPHY
_zINDIA
942 _cBK
999 _c5872
_d5872